| 000 | 00423nam a2200145 a 4500 | ||
|---|---|---|---|
| 001 | 2176 | ||
| 003 | CDMR | ||
| 005 | 20130116135225.0 | ||
| 008 | 130130s1998||||||||||||||||||||||||||||d | ||
| 040 |
_aCDMR _bcat _cCPC LLEIDA |
||
| 100 | 1 |
_aCamps Clemente, Manuel _9868 |
|
| 245 | 1 | 3 |
_aLa pesta del segle XV a Catalunya _cCAMPS CLEMENTE, Manuel, CAMPS SURROCA, Manuel |
| 260 |
_aZaragoza _c1998 _bUniversitat de Lleida |
||
| 942 | _cMON | ||
| 999 |
_c2176 _d2176 |
||